| 000 | 00659nam a2200217 a 4500 | ||
|---|---|---|---|
| 999 |
_c1765 _d1765 |
||
| 001 | 1765 | ||
| 003 | BD-JhCC | ||
| 005 | 20171029122755.0 | ||
| 008 | 171024s1979 bg |||| ||a| 000 0 ben d | ||
| 035 | _a(BD-JhCC) 1765 | ||
| 040 |
_aBD-JhCC _dBD-JhCC |
||
| 041 | _aeng | ||
| 082 |
_a297 _bGAJ 1979 |
||
| 100 | _aগাযযালী, হযরত ইমাম | ||
| 245 |
_aসৌভাগ্যের পরশমনি / _cহযরত ইমাম গাযযালী |
||
| 260 |
_aঢাকা : _bআহমদ পাবলিশিং হাউস , _c1979 |
||
| 300 |
_a240 p .: _c22 cm . |
||
| 650 | _aIslam | ||
| 942 |
_2ddc _cBK |
||